| 000 | 00700nam a22002411 4500 | ||
|---|---|---|---|
| 001 | 31683 | ||
| 003 | BD-RjUL | ||
| 005 | 20211209051732.0 | ||
| 008 | 140421s1897 stk 000 0 eng | ||
| 035 | _a(BD-RjUL)31771 | ||
| 040 |
_aDLC _cDLC _dDLC _dBD-RjUL _beng |
||
| 041 | _aeng | ||
| 082 | 0 | 4 |
_a211 _bLIR 1897 |
| 100 | 1 |
_aLindsay, James, _d1852-1923. _996420 |
|
| 245 | 0 | 0 |
_aRecent advances in theistic philosophy of religion / _cby James Lindsay. |
| 260 |
_aEdinburgh ; _aLondon : _bW. Blackwood and sons, _c1897. |
||
| 300 |
_alvi, 547 p. ; _c23 cm. |
||
| 650 | 0 |
_aReligion _xPhilosophy. _94031 |
|
| 650 | 0 |
_aTheism. _996421 |
|
| 942 |
_2ddc _cBK |
||
| 999 |
_c31683 _d31683 |
||